| 000 | 00911nam a22002057a 4500 | ||
|---|---|---|---|
| 003 | BD-DhUL | ||
| 005 | 20160918142246.0 | ||
| 008 | 160918s2013 b a|||| |||| 000 0db d | ||
| 040 |
_cBD-DhUL _dBD-DhUL |
||
| 082 |
_a954.92 _bAKA |
||
| 100 | 1 | _aআকন্দ, মোঃ আব্দুল মমিন | |
| 245 |
_aআগুনঝড়া দ্রোহকাল : _bআমার কিছু কথা / _cমোঃ আব্দুল মমিন আকন্দ |
||
| 250 | _a১ম সং. | ||
| 260 |
_aঢাকা : _bমোছাম্মদ মনিরা খাতুন (তনি), _c২০১৩ । |
||
| 300 |
_a২৫৩ পৃ. : _bচিত্র ; _c২৩ সেমি. । |
||
| 504 | _aগ্রন্থপঞ্জিগত তথ্য সংবলিত । | ||
| 650 |
_aবাংলাদেশ _xইতিহাস |
||
| 650 |
_aBangladesh _xHistory |
||
| 942 |
_2ddc _cBK |
||
| 999 |
_c104914 _d104914 |
||